|
|
|
|
| LEADER |
00000cam a22000004a 4500 |
| 001 |
musev2_9947 |
| 003 |
MdBmJHUP |
| 005 |
20230905041134.0 |
| 006 |
m o d |
| 007 |
cr||||||||nn|n |
| 008 |
070406s2007 msu o 00 0 eng d |
| 010 |
|
|
|z 2007014682
|
| 020 |
|
|
|a 9781604733075
|
| 020 |
|
|
|z 9781934110218
|
| 020 |
|
|
|z 1934110213
|
| 020 |
|
|
|z 1604733071
|
| 035 |
|
|
|a (OCoLC)781276701
|
| 040 |
|
|
|a MdBmJHUP
|c MdBmJHUP
|
| 043 |
|
|
|a n-usu--
|
| 050 |
0 |
4 |
|a F209
|b .B87 2007
|
| 082 |
0 |
|
|a 306.0975
|2 22
|
| 100 |
1 |
|
|a Burrison, John A.,
|d 1942-
|
| 245 |
1 |
0 |
|a Roots of a Region :
|b Southern Folk Culture /
|c John A. Burrison.
|
| 264 |
|
1 |
|a Jackson :
|b University Press of Mississippi,
|c 2007.
|
| 264 |
|
3 |
|a Baltimore, Md. :
|b Project MUSE,
|c 2012
|
| 264 |
|
4 |
|c ©2007.
|
| 300 |
|
|
|a 1 online resource:
|b ill. (some col.), maps, music ;
|
| 336 |
|
|
|a text
|b txt
|2 rdacontent
|
| 337 |
|
|
|a computer
|b c
|2 rdamedia
|
| 338 |
|
|
|a online resource
|b cr
|2 rdacarrier
|
| 504 |
|
|
|a Includes bibliographical references (p. 217-226) and index.
|
| 505 |
0 |
|
|a The core of the culture : folk traditions and the big regional picture -- Goobers, grits, and greasy greens : what's Southern about Southern folk culture? -- An early international crossroads : the diverse roots of Southern folk culture -- Journey of the jug : an artifact-based case study -- Georgia on my mind : a place-based case study -- Branches and new shoots : Southern folk culture today and tomorrow.
|
| 588 |
|
|
|a Description based on print version record.
|
| 651 |
|
0 |
|a Southern States
|x Social life and customs.
|
| 650 |
|
0 |
|a Oral tradition
|z Southern States.
|
| 650 |
|
0 |
|a Folklore
|z Southern States.
|
| 650 |
|
0 |
|a Folk music
|z Southern States.
|
| 650 |
|
0 |
|a Material culture
|z Southern States.
|
| 650 |
|
0 |
|a Regionalism
|z Southern States.
|
| 655 |
|
7 |
|a Electronic books.
|2 local
|
| 710 |
2 |
|
|a Project Muse.
|e distributor
|
| 830 |
|
0 |
|a Book collections on Project MUSE.
|
| 856 |
4 |
0 |
|z Texto completo
|u https://projectmuse.uam.elogim.com/book/9947/
|
| 945 |
|
|
|a Project MUSE - Custom Collection
|
| 945 |
|
|
|a Project MUSE - Archive Complete Foundation
|
| 945 |
|
|
|a Project MUSE - Archive US Regional Studies, South Foundation
|